| 000 | 00927nas a2200325 4500 | ||
|---|---|---|---|
| 001 | BR2015005034 | ||
| 003 | BR-BrBNA | ||
| 005 | 20231205125653.0 | ||
| 007 | ta | ||
| 008 | 230509b bl.|||p| |||| 00| 00por d | ||
| 040 |
_aBR-BrBNA _bpor _cBiblioteca Nacional de Agricultura |
||
| 041 | _a(En) | ||
| 072 | _aH60 | ||
| 100 | 1 | _aAli, H.H. | |
| 100 | 1 | _aTanveer, A. | |
| 100 | 1 | _aNaeem, M. | |
| 100 | 1 | _aJamil, M. | |
| 100 | 1 | _aIqbal, M. | |
| 100 | 1 | _aChadhar, A.R. | |
| 100 | 1 | _aKashif, M.S. | |
| 245 | 1 | _aAssessing the competitive ability of Rhynchosia capitata: an emerging summer weed in Asia | |
| 650 | _aERVA DANINHA | ||
| 650 | _aEMERGÊNCIA | ||
| 650 | _aINFESTAÇÃO | ||
| 650 | _aNUTRIENTE | ||
| 650 | _aFEIJÃO MUNGO | ||
| 773 | 0 |
_tPlanta Daninha (Brazil) _xISSN 0100-8358 _g(Apr-Jun 2015), v. 33(2) p. 175-182 _wBR2015005034 |
|
| 909 |
_a202311 _bLúcia _c55 _dLúcia Elande |
||
| 942 |
_2AGRIS _n0 _cANA |
||
| 999 |
_c245484 _d245484 |
||